Realidad familiar en Costa Rica: aportes y desafíos desde las ciencias sociales /

সংরক্ষণ করুন:
গ্রন্থ-পঞ্জীর বিবরন
প্রধান লেখক: Vega Robles, Isabel
অন্যান্য লেখক: Cordero Ulate, Allen
বিন্যাস: অজ্ঞাত
প্রকাশিত: San José: FLACSO. Programa Costa Rica. UNICEF. Universidad de Costa Rica. Instituto de Investigaciones Psicológicas
বিষয়গুলি:
ট্যাগগুলো: ট্যাগ যুক্ত করুন
কোনো ট্যাগ নেই, প্রথমজন হিসাবে ট্যাগ করুন!

MARC

LEADER 00000 a2200000 04500
001 18983
003
008 991231s d
040
090 |a 144904  
100 |a Vega Robles, Isabel  
245 |a Realidad familiar en Costa Rica: aportes y desafíos desde las ciencias sociales /  |c Isabel Vega Robles 
260 |a San José:   |b FLACSO. Programa Costa Rica. UNICEF. Universidad de Costa Rica. Instituto de Investigaciones Psicológicas  
300 |a 243 p.  
650 |a FAMILIA  
650 |a INFANCIA  
650 |a NIÑOS  
650 |a MADRES  
650 |a PADRES  
650 |a FAMILIA  
700 |a   
700 |a Cordero Ulate, Allen  
700 |a   
999 |c 10220  |d 10220